书目信息 |
| 题名: |
林木容器苗培育技术研究进展
|
|
| 作者: | 刘勇 , 卢宝明 主编 | |
| 分册: | ||
| 出版信息: | 北京 中国林业出版社 2014 |
|
| 页数: | 156页 | |
| 开本: | 27cm | |
| 丛书名: | ||
| 单 册: | ||
| 中图分类: | S723.1 | |
| 科图分类: | ||
| 主题词: | 苗木--容器育苗--研究 , 苗木 , 容器育苗 | |
| 电子资源: | ||
| ISBN: | 978-7-5038-7629-5 | |
| 000 | 01172nam0 2200277 450 | |
| 001 | 012015000231 | |
| 005 | 20151130095858.85 | |
| 010 | @a978-7-5038-7629-5@dCNY48.00 | |
| 100 | @a20141105d2014 em y0chiy50 ea | |
| 101 | 0 | @achi@aeng |
| 102 | @aCN@b110000 | |
| 105 | @aa z 000yy | |
| 106 | @ar | |
| 200 | 1 | @a林木容器苗培育技术研究进展@Alin mu rong qi miao pei yu ji shu yan jiu jin zhan@dResearch advances in technique of containerized tree seedling production@f刘勇,卢宝明主编@zeng |
| 210 | @a北京@c中国林业出版社@d2014 | |
| 215 | @a156页@c图@d27cm | |
| 330 | @a本书介绍了美国在林木容器苗水、肥、基质、容器等方面的最新关键技术,美国容器苗培育底部渗灌条件下的水、肥管理技术以及中国造林树种容器苗底部渗灌技术、精准施肥技术及苗木育苗等其他相关技术的最新研究成果,对提高我国容器苗培育技术有一定促进作用。 | |
| 510 | 1 | @aResearch advances in technique of containerized tree seedling production@zeng |
| 606 | 0 | @a苗木@x容器育苗@x研究 |
| 606 | 0 | @a苗木 |
| 606 | 0 | @a容器育苗 |
| 690 | @aS723.1@v5 | |
| 701 | 0 | @a刘勇@Aliu yong@c(图书馆工作)@4主编 |
| 701 | 0 | @a卢宝明@Alu bao ming@4主编 |
| 801 | 0 | @aCN@b碧洲教育@c20151127 |
| 905 | @a10447@f4@dS723.1@e85 | |
| 林木容器苗培育技术研究进展=Research advances in technique of containerized tree seedling production/刘勇,卢宝明主编.-北京:中国林业出版社,2014 |
| 156页:图;27cm |
| ISBN 978-7-5038-7629-5:CNY48.00 |
| 本书介绍了美国在林木容器苗水、肥、基质、容器等方面的最新关键技术,美国容器苗培育底部渗灌条件下的水、肥管理技术以及中国造林树种容器苗底部渗灌技术、精准施肥技术及苗木育苗等其他相关技术的最新研究成果,对提高我国容器苗培育技术有一定促进作用。 |
| ● |
| 相关链接 |
|
|
|
|
正题名:林木容器苗培育技术研究进展
索取号:S723.1/85
 
预约/预借
| 序号 | 登录号 | 条形码 | 馆藏地/架位号 | 状态 | 备注 |
| 1 | 0871239 | 208712393 | 第二样本阅览室/ [索取号:S723.1/85] | 在馆 | |
| 2 | 0871240 | 208712400 | 第三借阅区/ [索取号:S723.1/85] | 在馆 | |
| 3 | 0871241 | 208712419 | 第三借阅区/ [索取号:S723.1/85] | 在馆 | |
| 4 | 0871242 | 208712428 | 密集书库-生命科学系/ [索取号:S723.1/85] | 在馆 |